Loading...
| Literature - American | 0 | 7 | 0 | 1 | 70 | 47 | 97.00 | 4 | 4 | 0.00 | 0.00 |
| Science - Chemistry | 0 | 6 | 2 | 0 | 50 | 36 | 65.00 | 3 | 4 | 0.00 | 0.00 |
| Literature - European | 0 | 4 | 0 | 1 | 40 | 79 | 119.75 | 0 | 2 | 0.00 | 0.00 |
| Literature - World | 0 | 4 | 0 | 1 | 40 | 50 | 112.00 | 1 | 2 | 0.00 | 0.00 |
| Science - Biology | 0 | 5 | 3 | 0 | 35 | 65 | 84.40 | 0 | 5 | 0.00 | 0.00 |
| Fine Arts - Classical Music | 0 | 3 | 1 | 0 | 25 | 96 | 98.33 | 1 | 3 | 0.00 | 0.00 |
| Literature - British | 0 | 3 | 1 | 1 | 25 | 86 | 109.33 | 1 | 3 | 0.00 | 0.00 |
| Fine Arts - Painting and Sculpture | 0 | 2 | 0 | 0 | 20 | 73 | 89.50 | 0 | 1 | 0.00 | 0.00 |
| History - American | 0 | 1 | 0 | 0 | 10 | 74 | 74.00 | 0 | 1 | 0.00 | 0.00 |
| Social Science | 0 | 1 | 0 | 0 | 10 | 95 | 95.00 | 0 | 1 | 0.00 | 0.00 |
| Science - Other | 0 | 1 | 2 | 0 | 0 | 114 | 114.00 | 0 | 0 | 0.00 | 0.00 |